|
|
|
|
| LEADER |
05846nam a22004453i 4500 |
| 001 |
EBC6422857 |
| 003 |
MiAaPQ |
| 005 |
20231204023215.0 |
| 006 |
m o d | |
| 007 |
cr cnu|||||||| |
| 008 |
231204s2018 xx o ||||0 eng d |
| 020 |
|
|
|a 9783319699295
|q (electronic bk.)
|
| 020 |
|
|
|z 9783319699288
|
| 035 |
|
|
|a (MiAaPQ)EBC6422857
|
| 035 |
|
|
|a (Au-PeEL)EBL6422857
|
| 035 |
|
|
|a (OCoLC)1029065872
|
| 040 |
|
|
|a MiAaPQ
|b eng
|e rda
|e pn
|c MiAaPQ
|d MiAaPQ
|
| 050 |
|
4 |
|a JN1-9692.2
|
| 082 |
0 |
|
|a 507.206
|
| 100 |
1 |
|
|a Cherry, Andrew.
|
| 245 |
1 |
0 |
|a Africa-Europe Research and Innovation Cooperation :
|b Global Challenges, Bi-Regional Responses.
|
| 250 |
|
|
|a 1st ed.
|
| 264 |
|
1 |
|a Cham :
|b Springer International Publishing AG,
|c 2018.
|
| 264 |
|
4 |
|c ©2018.
|
| 300 |
|
|
|a 1 online resource (168 pages)
|
| 336 |
|
|
|a text
|b txt
|2 rdacontent
|
| 337 |
|
|
|a computer
|b c
|2 rdamedia
|
| 338 |
|
|
|a online resource
|b cr
|2 rdacarrier
|
| 505 |
0 |
|
|a Intro -- Preface -- Acknowledgements -- Contents -- List of Contributors -- List of Abbreviations -- List of Figures -- Introduction -- Scope and Audience -- Outline of Chapters -- Stories from the Field -- References -- Part I: Politics, Policies and Programmes -- Chapter 1: The Politics and Drivers Underpinning Africa-Europe Research and Innovation Cooperation -- Introduction -- Overview of the Chapter -- The Political Context for Bi-regional Cooperation -- Towards Equal Partnerships -- Global Consensus on STI for Development -- Evolution of Africa-EU Cooperation in Research for Development -- Key Drivers Informing Bi-regional Cooperation -- The Global Consensus on Science and Technology -- Science Diplomacy -- Networked Science Knows No Borders -- Enhancing Cooperation: Ensuring Greater Efficiency and Impact -- Alignment of Bi-regional Cooperation with Supposed Drivers -- Political and Economic Impact -- Expanding the Knowledge Base -- Aligning Efforts -- Evolution of the Drivers for Bi-regional Cooperation -- Conclusion -- References -- Chapter 2: Policy Frameworks Supporting Africa-Europe STI Cooperation: Past Achievements and Future Responsibilities -- Introduction -- The Policy Frameworks -- The Cotonou Agreement -- The European Consensus on Development -- Consolidated Plan of Action (2006-2014) -- Science, Technology and Innovation Strategy for Africa (STISA-2024) (2014-Present) -- The EU's International Scientific Cooperation Strategy -- The Joint Africa-EU Strategy (2007-Present) -- Three Key Policy Issues -- Re-balancing Cooperation -- Financing Cooperation -- Bridging the Gap Between Science and Global Development -- Conclusion -- References -- Part II: Cooperation in Food Security, Climate Change and Health -- Chapter 3: The Dynamics of EU-Africa Research and Innovation Cooperation Programmes -- Introduction.
|
| 505 |
8 |
|
|a The Seventh Framework Programme -- Horizon 2020 -- Cooperation in Science and Technology (COST) -- Eurostars -- African, Caribbean and Pacific Countries' Science and Technology (S& -- T) Programme -- European & -- Developing Countries Clinical Trials Partnership (EDCTP) -- The African Union Research Grants Programme -- Africa-Europe STI Cooperation Programming: A Look Forward -- Conclusion -- References -- Chapter 4: Bi-regional Scientific Cooperation on Food and Nutrition Security and Sustainable Agriculture -- Introduction -- Situational Analysis -- The Realisation of FNSSA Priorities in Africa-Europe STI Cooperation -- Critical Factors for Better and More Frequent Cooperation -- The Need for Alignment -- Conclusion -- References -- Chapter 5: Africa-Europe Collaborations for Climate Change Research and Innovation: What Difference Have They Made? -- Introduction -- Scope of Africa-Europe Research Collaboration on Climate Change -- Outcomes of Bi-regional Climate Change Research Collaboration -- Engaging and Influencing Public and Private Decision Makers in Africa and the EU -- Conclusion -- References -- Chapter 6: Equality in Health Research Cooperation Between Africa and Europe: The Potential of the Research Fairness Initiative -- Introduction -- Policy Frameworks and Priorities -- Working Towards More Balanced Bi-regional Collaboration -- Research Translation -- The Unique Potential of the RFI to Improve Research Collaborations Between Africa and Europe? -- Conclusion -- References -- Part III: Futures of Africa-Europe Research and Innovation Cooperation -- Chapter 7: Towards Better Joint Work: Reflections on Partnership Effectiveness -- Introduction1 -- Why We Need Better Partnering, Now -- Good Practices -- Towards Better Joint Work: Four Key Issues for Partnership Effectiveness -- Issue 1: The Problem of Hidden Interests.
|
| 505 |
8 |
|
|a Issue 2: Personal Identities Matter in Professional Partnering Settings -- Issue 3: Money Is Not the Only Resource That Fuels a Partnership -- Issue 4: Success and Failure Matter to "Partnership Learning" -- Conclusion -- References -- Postscript | Future(s) of Africa-Europe Research and Innovation Cooperation -- Looking Back -- Looking Ahead -- Index.
|
| 588 |
|
|
|a Description based on publisher supplied metadata and other sources.
|
| 590 |
|
|
|a Electronic reproduction. Ann Arbor, Michigan : ProQuest Ebook Central, 2023. Available via World Wide Web. Access may be limited to ProQuest Ebook Central affiliated libraries.
|
| 655 |
|
4 |
|a Electronic books.
|
| 700 |
1 |
|
|a Haselip, James.
|
| 700 |
1 |
|
|a Ralphs, Gerard.
|
| 700 |
1 |
|
|a Wagner, Isabella E.
|
| 776 |
0 |
8 |
|i Print version:
|a Cherry, Andrew
|t Africa-Europe Research and Innovation Cooperation
|d Cham : Springer International Publishing AG,c2018
|z 9783319699288
|
| 797 |
2 |
|
|a ProQuest (Firm)
|
| 856 |
4 |
0 |
|u https://ebookcentral.proquest.com/lib/matrademy/detail.action?docID=6422857
|z Click to View
|